Statistics for American Countries Beginning with the Letters of JETPUNK

Click here to take the quiz!

General Stats

  • This quiz has been taken 84 times
  • The average score is 10 of 10

Answer Stats

Country % Correct
Uruguay
100%
Jamaica
99%
El Salvador
97%
Panama
97%
United States
97%
Peru
96%
Nicaragua
95%
Ecuador
93%
Paraguay
93%
Trinidad & Tobago
92%

Score Distribution

Percentile by Number Answered

Percent of People with Each Score

Your Score History

You have not taken this quiz